| 000 -LEADER |
| fixed length control field |
00842nam a22002057a 4500 |
| 001 - CONTROL NUMBER |
| control field |
9835 |
| 003 - CONTROL NUMBER IDENTIFIER |
| control field |
BD-DhUAP |
| 005 - DATE AND TIME OF LATEST TRANSACTION |
| control field |
20201112151547.0 |
| 008 - FIXED-LENGTH DATA ELEMENTS--GENERAL INFORMATION |
| fixed length control field |
201112r19932006bg |||| |||| 00| 0 ben d |
| 020 ## - INTERNATIONAL STANDARD BOOK NUMBER |
| International Standard Book Number |
8170791863 |
| 040 ## - CATALOGING SOURCE |
| Original cataloging agency |
BD-DhUAP |
| Language of cataloging |
Ben |
| Transcribing agency |
BD-DhUAP |
| Modifying agency |
BD-DhUAP |
| 082 ## - DEWEY DECIMAL CLASSIFICATION NUMBER |
| Edition number |
23 |
| Classification number |
954.02 SEN |
| 100 ## - MAIN ENTRY--PERSONAL NAME |
| Personal name |
সেন, দীনেশচন্দ্র। |
| 245 ## - TITLE STATEMENT |
| Title |
বৃহৎ বঙ্গ : |
| Remainder of title |
(সুপ্রাচীন কাল হইতে পলাশীর যুদ্ধ পর্য্যন্ত) / |
| Statement of responsibility, etc. |
দীনেশচন্দ্র সেন। |
| 260 ## - PUBLICATION, DISTRIBUTION, ETC. |
| Place of publication, distribution, etc. |
কলকাতা : |
| Name of publisher, distributor, etc. |
দেজ পাবলিশিং, |
| Date of publication, distribution, etc. |
১৯৯৩ [মুদ্রণ ২০০৬]। |
| 300 ## - PHYSICAL DESCRIPTION |
| Extent |
খণ্ড ; |
| Dimensions |
২২ সেমি.। |
| 505 ## - FORMATTED CONTENTS NOTE |
| Formatted contents note |
খণ্ড ২-- |
| 651 ## - SUBJECT ADDED ENTRY--GEOGRAPHIC NAME |
| Geographic name |
India (Bengal।) |
| Form subdivision |
History. |
| 942 ## - ADDED ENTRY ELEMENTS (KOHA) |
| Source of classification or shelving scheme |
|
| Koha item type |
Book |